Μαύρες τρύπες στο διάστημα : όταν το σύμπαν καταρρέει

Αποθηκεύτηκε σε:
Λεπτομέρειες βιβλιογραφικής εγγραφής
Κύριος συγγραφέας: Asimov, Isaac, 1920-1992
Μορφή: Βιβλίο
Γλώσσα:Greek
Δημοσίευση: Αθήνα : Γλάρος, 1978.
Σειρά:Επιστημονική φαντασία (Γλάρος) 13
Θέματα:
Ετικέτες: Προσθήκη ετικέτας
Δεν υπάρχουν, Καταχωρήστε ετικέτα πρώτοι!

MARC

LEADER 00000cam a2200000 i 4500
001 1/76238
008 960731s1978 gr | ||| |||| ||gre||
035 |a 1987  |c Αγορά  |l 10032348 
040 |a GR-MyUa  |b gre  |e AACR2 
041 1 |a gre 
082 7 |a 813.54   |2 (22) 
100 1 |a Asimov, Isaac,   |d 1920-1992. 
245 1 0 |a Μαύρες τρύπες στο διάστημα :   |b όταν το σύμπαν καταρρέει /   |c Isaak Asimov. 
260 |a Αθήνα :   |b Γλάρος,   |c 1978. 
300 |a 254 σ. 
490 1 |a (Επιστημονική φαντασία / Γλάρος ;   |v 13) 
650 0 |a Science fiction, American. 
650 0 |a American fiction  |y 20th century. 
830 0 |a Επιστημονική φαντασία (Γλάρος)  |v 13 
852 |a INST  |b RHODES  |e 19960731  |h 813.54 ASI  |p 005400000592  |q 005400000592  |t BK  |y 0